000 00297nam a2200133Ia 4500
005 20251222144722.0
008 251222s9999||||xx |||||||||||||| ||spa||
020 _a950-08-1686-5
082 _a153.94/W95
100 _aWujec, Tom
245 0 _aMentalmanĂ­a
264 _bAtlántida
942 _cLIB
999 _c18250
_d18250